书目信息 |
| 题名: |
服装工艺学
|
|
| 作者: | 欧阳新力 著 | |
| 分册: | ||
| 出版信息: | 北京 高等教育出版社 2000.05 |
|
| 页数: | 377页 | |
| 开本: | 26cm | |
| 丛书名: | ||
| 单 册: | ||
| 中图分类: | TS941.6 | |
| 科图分类: | ||
| 主题词: | 服装工业 | |
| 电子资源: | ||
| ISBN: | 7-04-007833-3 | |
| 000 | 00624nam0 2200217 45 | |
| 001 | 0304111586 | |
| 005 | 20030411153945.8 | |
| 010 | @a7-04-007833-3@d28.10元 | |
| 100 | @a20030411d2000 km y0chiy0120 ea | |
| 101 | 0 | @achi |
| 105 | @a z 000yy | |
| 200 | 1 | @a服装工艺学@AFu Zhuang Gong Yi Xue@f欧阳新力著@FOu Yang Xin Li Zhu |
| 210 | @a北京@c高等教育出版社@d2000.05 | |
| 215 | @a377页@d26cm | |
| 300 | @a教育部规划教材 | |
| 303 | @a高等职业技术院校服装设计与工艺专业 | |
| 606 | 0 | @a服装工业 |
| 690 | @aTS941.6@v3 | |
| 701 | 0 | @a欧阳新力@4著 |
| 801 | @aCN@bPftUser@c20030411 | |
| 905 | @aBZT@b346796-798@dTS941.6@e1@f3 | |
| 服装工艺学/欧阳新力著.-北京:高等教育出版社,2000.05 |
| 377页;26cm |
| 教育部规划教材 |
| ISBN 7-04-007833-3:28.10元 |
| ● |
| 相关链接 |
|
|
|
正题名:服装工艺学
索取号:TS941.6/1
 
预约/预借
| 序号 | 登录号 | 条形码 | 馆藏地/架位号 | 状态 | 备注 |
| 1 | 346796 | 201354471 | 样本书库/样005架A面4层3列/ [索取号:TS941.6/1] | 在馆 | |
| 2 | 346797 | 201354444 | 中心书库中库/ 中库024架B面1列7层50/ [索取号:TS941.6/1] | 在馆 | |
| 3 | 346798 | 201354453 | 中心书库中库/ 中库024架B面4列1层23/ [索取号:TS941.6/1] | 在馆 |